[Event "BL2 Nord 1011 (Women)"]
[Site "Germany"]
[Date "2011.02.19"]
[Round "6.5"]
[White "Selge Rolle, Ursula"]
[Black "Hielscher, Ursula"]
[Result "0-1"]
[WhiteElo "1480"]
[BlackElo "1864"]
[PlyCount "62"]
[EventDate "2010.11.06"]
[EventType "team-tourn"]
[EventRounds "7"]
[EventCountry "GER"]
[SourceTitle "EXT 2012"]
[Source "ChessBase"]
[SourceDate "2011.11.24"]
[SourceVersion "1"]
[SourceVersionDate "2011.11.24"]
[SourceQuality "1"]
[WhiteTeam "Krefeld (W)"]
[BlackTeam "Kiel Doppelbauer (W)"]
[WhiteTeamCountry "GER"]
[BlackTeamCountry "GER"]

1. e4 e6 2. d4 d5 3. Nc3 Bb4 4. e5 c5 5. a3 Bxc3+ 6. bxc3 Qa5 7. Bd2 Qa4 8. Nf3 Nc6 9. Be2 Nge7 10. 0-0 cxd4 11. cxd4 Nxd4 12. Bd3 Nxf3+ 13. Qxf3 Bd7 14. Rfb1 Qc6 15. Bb5 Qc7 16. Bxd7+ Qxd7 17. Rb2 0-0 18. Qg3 b6 19. h4 f6 20. exf6 Rxf6 21. Bg5 Rf7 22. h5 Rc8 23. Rd1 h6 24. Bxe7 Qxe7 25. Qg4 Rc4 26. Rd4 Qf6 27. Rxc4 dxc4 28. c3 Qxc3 29. Qxe6 Qxb2 30. Qe8+ Rf8 31. Qe6+ Kh8 0-1

[Event "BL2 Nord 1011 (Women)"]
[Site "Germany"]
[Date "2010.11.07"]
[Round "2.4"]
[White "Selge Rolle, Ursula"]
[Black "Mai, Iris"]
[Result "0-1"]
[WhiteElo "1480"]
[BlackElo "2125"]
[PlyCount "96"]
[EventDate "2010.11.06"]
[EventType "team-tourn"]
[EventRounds "7"]
[EventCountry "GER"]
[SourceTitle "EXT 2012"]
[Source "ChessBase"]
[SourceDate "2011.11.24"]
[SourceVersion "1"]
[SourceVersionDate "2011.11.24"]
[SourceQuality "1"]
[WhiteTeam "Krefeld (W)"]
[BlackTeam "Pankow Rotation (W)"]
[WhiteTeamCountry "GER"]
[BlackTeamCountry "GER"]

1. e4 c5 2. c3 e6 3. d4 Nf6 4. e5 Nd5 5. Nf3 cxd4 6. cxd4 Nc6 7. Bc4 Nb6 8. Bb3 d6 9. exd6 Bxd6 10. 0-0 0-0 11. Nc3 Nb4 12. a3 N4d5 13. Bc2 Nxc3 14. bxc3 g6 15. Bh6 Re8 16. h4 Qc7 17. Qd3 Nd5 18. h5 Nf4 19. Bxf4 Bxf4 20. hxg6 hxg6 21. Rfe1 Bd7 22. Ne5 Bc6 23. Ng4 Kg7 24. Ne5 Bxe5 25. Rxe5 Qe7 26. Re3 Qf6 27. Rae1 Rh8 28. Rg3 Rh6 29. Ree3 Rah8 30. Rh3 Qg5 31. Reg3 Rxh3 32. gxh3 Rxh3 33. Kf1 Rxg3 34. fxg3 Qc1+ 35. Ke2 Qxa3 36. Qe3 Qd6 37. g4 a5 38. g5 Kf8 39. Qh3 Ke7 40. Qh8 Qf4 41. Qh6 a4 42. Bxg6 fxg6 43. Qg7+ Kd6 44. Qxg6 Qe4+ 45. Qxe4 Bxe4 46. Kd2 a3 47. Kc1 Kd5 48. g6 Bxg6 0-1